Statistiques concernant Département Auvergne-Rhône-Alpes

Cliquez ici pour prendre le quiz!

Statistiques générales

  • Ce quiz a été pris 75 fois
  • Le résultat moyen est 11 sur 12

Statistiques - réponses

numérosdépartement% Correct
01Ain
98%
69Rhône
97%
38Isère
93%
74Haute-Savoie
91%
42Loire
91%
73Savoie
91%
03Allier
88%
26Drôme
88%
07
Ardèche
86%
15Cantal
84%
63Puy-de-Dôme
84%
43Haute-Loire
83%

Distribution des résultats

Percentile par nombre de réponses

% des personnes avec chaque résultat

Votre développement - résultats

Vous n’avez pas pris ce quiz